Responses for Show #9103 - Wednesday, May 15, 2024

Will Stewart game 4.
Grant DeYoung game 1.

Contestants

[<< previous game]

Grant DeYoung, a grocery clerk from Prescott, Arizona

Kathy Olson, a journalism professor from Allentown, Pennsylvania

Will Stewart, a political organizer originally from Nashville, Tennessee (whose 3-day cash winnings total $70,501)

[next game >>]

Jeopardy! Round responses

UNION MEN
SPORTSWOMEN
TJ MAX
FACTS ABOUT FOURSOMES
FOODIE BOOK TITLES
ANTONYMIC PERRYS
(Ken: Each response is a pair of antonyms from a particular Katy Perry song.)
    $200 28
Gettysburg

Kathy
    $200 27
the Aces

Grant
    $200 25
Tijuana

Grant
    $200 29
Secretary of the Treasury

Will
    $200 30
Green Eggs and Ham

Will
    $200 23
right & wrong

Grant
    $400 22
(Grant: What's... Arthur?)
(Kathy: Who is Garfield?)

McKinley

WillKathyGrant
    $400 16
(Grant: What's Ali?)
(Ken: Eh...)
(Grant: Laila?)

Laila Ali

Grant
    $400 20
Trader Joe's

Will
    $400 24
brass

Will
    $400 26
Mr. Chips

Kathy
    $400 4
(Grant: What's... nope.)

black & white

WillGrant
    $600 17
Ben-Hur

Kathy
    $600 10
cricket

Grant
    $600 1
Tommy John

Will
    $600 18
the Four Horsemen (of the Apocalypse)

Grant
    $600 19
fried green tomatoes

Kathy
    $600 21
(Ken: Correct, and that's the name of the Katy Perry song in question.)

hot & cold

Kathy
    $1,400 3
Savannah

Will
    $800 11
darts

Grant
    $800 2
the triple jump

Will
    $800 6
(Grant: What are temperaments?)

humors

WillGrant
    $800 15
Who Moved My Cheese?

Kathy
    $800 7
up & down

Triple Stumper
    $1000 9
McClellan

Kathy
    $1000 12
(Will: Who is Livvy?)
(Ken: Can you... give me more?)

Olivia Dunne

Will
    $1000 13
Thomas Jefferson

Grant
    $1000 5
a sword

Grant
    $1000 14
(Kathy: What is The Cricket on the Hearth?)

James and the Giant Peach

KathyGrant
    $1000 8
(Grant: What's stop and [**]?)
(Kathy: What is [*] and... leave?)

stay & Go

WillKathyGrant

Scores at the first commercial break (after clue 15):

Will Kathy Grant
$6,000 -$200 $2,200

Scores at the end of the Jeopardy! Round:

Will Kathy Grant
$7,600 $1,800 $3,400

Double Jeopardy! Round responses

2020s POLITICS
TREES
IN THE PERIOD FILM
THE RUNAWAYS
ONCE YUGOSLAVIA
THE NEXT WORD IN THE DICTIONARY AFTER...
(Ken: Specifically, in Webster's Third New International Dictionary, if you're curious.)
    $400 28
cherry blossoms

Will
    $400 29
(Grant: What's, um, Lucy?)
(Ken: Uhh...)
(Grant: Arnaz?)
(Ken: [Hesitating] Yes, we'll take that, [*]... you're in the lead and...)
[The end-of-round signal sounds.]

Lucille Ball (Lucy Arnaz)

Grant
    $400 27
the circus

Will
    $400 26
the Danube

Grant
    $400 25
amoeba

Grant
    $800 24
(Grant: What's infrastructure?)
...
(Ken: That's [*], with less than a minute.)

Bidenomics

Grant
Triple Stumper
    $800 17
a palm

Grant
    $800 1
Eddie Murphy

Kathy
    $800 21
Houdini

Kathy
    $800 23
Dalmatia

Grant
    $800 22
beige

Grant
    $1200 16
a runoff

Will
    $1200 13
the rainbow tree (a rainbow gum)

Grant
    $1200 2
Keira Knightley

Kathy
    $1200 14
(Kathy: What is a crate?)
...
(Ken: He called himself Henry [*] Brown after mailing himself to freedom.)

Box

Kathy
Triple Stumper
    $1200 10
Sarajevo

Will
    $1200 5
legume

Grant
    $4,000 18
(Grant: What's... Fetterman?)
(Ken: No, sorry, [*] of West Virginia would have been correct.)

Joe Manchin

Grant
    $1600 11
(Grant: What's willow?)
(Ken: Can you be more specific?)
(Grant: Weeping?)

weeping willow

Grant
    $1600 3
Michael Collins

Kathy
    $5,000 15
Toronto

Grant
    $1600 9
Slovenia

Grant
    $1600 6
(Grant: What's... ransack? No.)

ravage

KathyGrant
    $2000 19
the Freedom Caucus

Kathy
    $2000 12
(Will: What is baobab?)
(Kathy: What's a banyan?)

an acacia tree

WillKathy
Triple Stumper
    $2000 4
Regé-Jean Page

Triple Stumper
    $2000 20
(Haruki) Murakami

Grant
    $2000 8
Kosovo

Will
    $2000 7
foment

Will

Scores at the end of the Double Jeopardy! Round:

Will Kathy Grant
$12,800 $6,600 $13,200

[wagering suggestions for these scores]

Final Jeopardy! Round responses

19th CENTURY LITERARY CHARACTERS
(Ken: [To Kathy] Of course, the most famous miser in literature.)
KathyWho is Scrooge?
$6,599
WillWho is Scrooge?
$401
GrantWho is Scrooge?
$12,401
(Ebenezer) Scrooge

Final scores:

Will Kathy Grant
$13,201 $13,199 $25,601
2nd place: $3,000 3rd place: $2,000 New champion: $25,601

Game dynamics:

Coryat scores:

Will Kathy Grant
$12,200 $6,600 $13,800
18 R
(including 1 DD),
1 W
13 R,
5 W
22 R
(including 1 DD),
7 W
(including 1 DD)

Combined Coryat: $32,600

[game clues] [game scores] [suggest correction]

Game tape date: 2024-04-03
The J! Archive is created by fans, for fans. Scraping, republication, monetization, and malicious use prohibited; this site may use cookies and collect identifying information. See terms. The Jeopardy! game show and all elements thereof, including but not limited to copyright and trademark thereto, are the property of Jeopardy Productions, Inc. and are protected under law. This website is not affiliated with, sponsored by, or operated by Jeopardy Productions, Inc. Join the discussion at JBoard.tv.